| 000 | 00000nam 2200000zi 4500 |
| 001 | 9.560898 |
| 003 | CaOODSP |
| 005 | 20221207082931 |
| 007 | cr ||||||||||| |
| 008 | 150406s2006 onc ||||o f000 0 eng d |
| 040 | |aCaOODSP|beng |
| 043 | |an-cn--- |
| 086 | 1 |aYM32-5/06-12E-PDF |
| 100 | 1 |aKoerner, Wolfgang, |eauthor. |
| 245 | 10|aSecurity sector reform : |bdefence diplomacy / |cWolfgang Koerner. |
| 246 | 10|aDefence diplomacy |
| 264 | 1|a[Ottawa] : |bParliamentary Information and Research Service, Library of Parliament, |c2006. |
| 300 | |a1 online resource ([3] pages). |
| 336 | |atext|btxt|2rdacontent |
| 337 | |acomputer|bc|2rdamedia |
| 338 | |aonline resource|bcr|2rdacarrier |
| 490 | 1 |aIn brief ; |vPRB 06-12E |
| 500 | |aCaption title. |
| 500 | |a"17 May 2006". |
| 500 | |aIssued also in French under title: Réforme du secteur de la sécurité : la diplomatie de la défense. |
| 504 | |aIncludes bibliographical references. |
| 590 | |a06-28|b2006-07-14 |
| 690 | 07|aDefence policy|2gcpds |
| 690 | 07|aNational security|2gcpds |
| 710 | 1 |aCanada. |bParliamentary Information and Research Service, |eissuing body. |
| 775 | 08|tRéforme du secteur de la sécurité |w(CaOODSP)9.593543 |
| 830 | #0|aIn brief (Canada. Parliamentary Information and Research Service)|vPRB 06-12E|w(CaOODSP)9.504914 |
| 856 | 40|ahttp://publications.gc.ca|qPDF|s55 KB|uhttps://publications.gc.ca/collections/Collection-R/LoPBdP/EB-e/prb0612-e.pdf|yPRB 06-12E |